Normal view
MARC view
- دمشق(سوريا)- تاريخ
Entry Topical Term
001 - CONTROL NUMBER
- control field: 35680
003 - CONTROL NUMBER IDENTIFIER
- control field: JO-AjAnu
005 - DATE AND TIME OF LATEST TRANSACTION
- control field: 20230606075950.0
008 - FIXED-LENGTH DATA ELEMENTS
- fixed length control field: 230606|| aca||aabn | a|a d
040 ## - CATALOGING SOURCE
- Original cataloging agency: JO-AjAnu
- Transcribing agency: JO-AjAnu
150 ## - HEADING--TOPICAL TERM
- Topical term or geographic name entry element: دمشق(سوريا)- تاريخ
670 ## - SOURCE DATA FOUND
- Source citation: Work cat.: (JO-AjAnu)18321: تاليف سبانو، احمد عساف, author 35679, دمشق في دوائر المعارف العربية والعالمية